[Event "127th NZ Congress 2020"]
[Site "Tauranga"]
[Date "2020.01.16"]
[Round "2.2"]
[White "Papin, Vasily"]
[Black "Smith, Robert W"]
[Result "1-0"]
[WhiteElo "2481"]
[BlackElo "2160"]
[Annotator "TA"]
[PlyCount "55"]
[EventDate "2020.01.14"]
[EventType "swiss"]
[EventCountry "NZL"]
[SourceTitle "playchess.com"]
[Source "ChessBase"]
[SourceQuality "1"]

{[%evp 9,55,8,202,186,207,205,210,225,191,159,223,220,263,179,239,240,263,212,211,206,200,198,234,211,276,252,329,299,286,273,352,351,393,264,727,741,654,416,409,402,506,352,620,393,1270,1270,1347,1346]} 1. d4 e6 2. c4 b6 3. a3 Bb7 4. Nc3 f5 5. d5 e5 $2 {[#]} (5... Nf6 $11 {and Black stays safe.}) (5... Nf6 6. g3 Na6 7. Bg2 Bd6 8. Nf3 O-O 9. O-O Nc5 10. Nd4 Be5 11. e3 a5 12. b3 exd5 13. cxd5 Nce4 14. Bb2 Nxc3 15. Bxc3 Bxd5 16. Nxf5 Bxg2 17. Bxe5 Bxf1 18. Qxf1 d6 19. Qc4+ Kh8 20. Bb2 {0-1 (20) Gasanov,E (2481)-Grischuk,A (2777) Moscow 2019}) 6. e4 $18 {A40: Unusual replies to 1 d4} Nf6 7. exf5 Bc5 8. g4 {White is clearly better.} O-O 9. h3 $146 ({Predecessor:} 9. Bg2 Qe8 10. Ne4 Nxe4 11. Bxe4 a5 12. Ne2 Ba6 13. Qc2 {1-0 (26) Mastrovasilis,A (2510)-Ladopoulos,D (1968) Neos Marmaras 2012}) 9... Bd4 {[#]} (9... a5 $16 10. Bg2 c6) 10. Nge2 $1 c5 11. Bg2 a6 (11... Ba6 {was called for.}) 12. a4 a5 13. Be3 Na6 14. Qd2 Nb4 15. Ng3 Ne8 16. O-O Nd6 17. b3 Qh4 18. Rae1 Rae8 19. Nce4 Nf7 20. Nh5 Bxe3 21. fxe3 Ng5 $2 (21... Kh8 22. f6 g6) 22. Nxg5 Qxg5 23. Ng3 Qh4 24. Ne4 Ba6 25. Rf2 h6 $2 (25... Rf6 26. g5 Rf7) 26. Ref1 Qd8 $2 (26... Rf6 27. Nxf6+ gxf6) 27. f6 Kh7 28. Nd6 {Accuracy: White = 77%, Black = 19%.} 1-0

[Event "127th NZ Congress 2020"]
[Site "Tauranga"]
[Date "2020.01.16"]
[Round "2.3"]
[White "Clarke, Brandon G I"]
[Black "Reilly, Tim"]
[Result "1/2-1/2"]
[WhiteElo "2437"]
[BlackElo "2098"]
[Annotator "TA"]
[PlyCount "80"]
[EventDate "2020.01.14"]
[EventType "swiss"]
[EventCountry "NZL"]
[SourceTitle "playchess.com"]
[Source "ChessBase"]
[SourceQuality "1"]

{[%evp 9,80,29,40,31,41,0,0,0,0,0,0,0,0,1,12,-11,0,0,7,0,0,0,4,10,10,25,31,29,25,43,39,22,22,23,21,4,8,0,0,0,0,0,0,0,0,-11,0,0,0,0,0,0,0,-2,0,0,0,0,0,-14,-14,-159,-155,-338,-390,-363,-337,-439,-27,-28,-20,-41,-35]} 1. e4 d6 2. d4 g6 3. Bc4 Nf6 4. Qe2 Nc6 5. Nf3 Bg4 6. c3 {B06: Modern Defence} e5 7. Bb5 (7. d5 $5 {[%cal Rd5c6]} Ne7 8. h3 $11) 7... exd4 8. cxd4 {The position is equal.} Bg7 $146 ({Predecessor:} 8... Nd7 9. Bxc6 bxc6 10. Nbd2 Nb6 11. h3 Be6 {0-1 (31) Banikas,H (2618)-Firman,N (2502) Loutraki 2015}) 9. d5 {[%mdl 64] Pin} a6 10. dxc6 axb5 11. cxb7 Rb8 $1 12. Qxb5+ Bd7 13. Qd3 Rxb7 14. Nc3 O-O 15. O-O Re8 16. Re1 Qa8 17. Rb1 d5 18. Nxd5 Nxd5 19. Qxd5 Be6 20. Qc6 Bxa2 21. Ra1 {aiming for Rxa2!} Ra7 22. Qxa8 Raxa8 23. h3 Bd5 24. Rxa8 Bxa8 25. Nd2 f5 {[%cal Rf5e4]} 26. f3 Bd4+ 27. Kf1 Bc6 {White must now prevent ...Bb5+.} 28. g4 Bb5+ 29. Kg2 Bc6 30. Kg3 Kf7 31. Re2 Bb5 32. Re1 Bc6 33. Nb3 Bg7 {[%cal Rf5e4]} 34. Bd2 fxe4 35. Rc1 {[#]} (35. Bf4 $11 {remains equal.}) 35... Bd5 $1 $17 {[%cal Rd5b3]} 36. Na5 $2 (36. Nc5 $17 Bxb2 37. Rd1) 36... exf3 $19 37. Rxc7+ {[#]} Kg8 $1 {...Be5+ is the strong threat.} 38. Rd7 Be6 $2 ({Black should play} 38... Bd4 $19 {( -> ...f2)} 39. Be3 (39. Rxd5 $2 f2 $19) 39... Bxe3 40. Rxd5 f2) 39. Rd3 $11 Rf8 {Hoping for ...f2.} 40. Rxf3 Rxf3+ {Accuracy: White = 43%, Black = 72%.} 1/2-1/2

[Event "127th NZ Congress 2020"]
[Site "Tauranga"]
[Date "2020.01.16"]
[Round "2.4"]
[White "Polishchuk, Kirill"]
[Black "Hague, Ben"]
[Result "1/2-1/2"]
[WhiteElo "2151"]
[BlackElo "2399"]
[Annotator "TA"]
[PlyCount "83"]
[EventDate "2020.01.14"]
[EventType "swiss"]
[EventCountry "NZL"]
[SourceTitle "playchess.com"]
[Source "ChessBase"]
[SourceQuality "1"]

{[%evp 9,83,-12,8,0,5,0,0,0,0,0,6,2,31,17,31,43,29,27,46,33,46,40,64,52,46,51,52,54,85,25,35,16,16,0,12,22,16,-52,-52,-50,-50,-50,-50,-52,-52,-52,-67,-77,-88,-99,-86,-98,-40,-27,-27,-33,-18,-18,-6,-6,-6,-6,-13,-6,-8,-11,0,0,0,0,0,0,0,0,0,0]} 1. e4 c5 2. a3 g6 3. b4 (3. Nc3 Bg7 4. Bc4 Nc6 5. d3 Nf6 6. Bg5 d6 7. Nge2 Bd7 8. Qd2 h6 9. Bh4 Nd4 10. Nxd4 cxd4 {1-0 (44) Duda,J (2730)-Xiong,J (2707) Khanty-Mansiysk 2019}) 3... Bg7 4. Nc3 d6 5. g3 Nf6 6. Bg2 {B20: Sicilian: Unusual White 2nd moves} Nc6 7. Rb1 $1 {[%cal Ba1b1,Bb1b4,Bb4c4][%mdl 32]} O-O 8. Nge2 e5 9. O-O Nd4 10. d3 h6 $146 ({Predecessor:} 10... b6) 11. f4 cxb4 12. Rxb4 Qc7 13. Rc4 $36 {[%mdl 2048] White is pushing.} Nxe2+ 14. Qxe2 Qa5 15. fxe5 dxe5 16. Nd5 Nxd5 17. exd5 Bd7 18. Bd2 Qa6 {[#]} 19. Bb4 ({Better is} 19. Qf2 $1 $16) 19... Rfc8 $11 20. Qf2 f5 21. d6 Rxc4 22. Bd5+ ({Don't play} 22. dxc4 e4 $17) 22... Kh7 23. Bxc4 ({White should play} 23. dxc4 $11 Rd8 24. c5) 23... Qc6 $15 24. Qc5 Qxc5+ 25. Bxc5 b6 26. Bb4 $1 Rc8 27. a4 a5 28. Bd2 Bf8 29. Be3 Bxd6 ({Much weaker is} 29... Bxa4 30. Ra1 $11) 30. Bxb6 Bxa4 (30... Bb4 $17 31. Bb3 Bc3) 31. Ra1 $1 {[%cal Ra1a4]} Bxc2 {[#] ...a4 is the strong threat.} 32. Rxa5 h5 33. Rd5 {The position is equal.} Bb8 34. Rd7+ Kh6 35. h4 Ba4 36. Rf7 Be8 37. Re7 Bd6 38. Re6 Rc6 39. Be3+ f4 40. gxf4 exf4 41. Bxf4+ Bxf4 42. Rxe8 {Accuracy: White = 77%, Black = 46%.} 1/2-1/2

[Event "127th NZ Congress 2020"]
[Site "Tauranga"]
[Date "2020.01.16"]
[Round "2.6"]
[White "Cilia Vincenti, David"]
[Black "Ker, Anthony F"]
[Result "1/2-1/2"]
[WhiteElo "2056"]
[BlackElo "2299"]
[Annotator "TA"]
[PlyCount "116"]
[EventDate "2020.01.14"]
[EventType "swiss"]
[EventCountry "NZL"]
[SourceTitle "playchess.com"]
[Source "ChessBase"]
[SourceQuality "1"]

{[%evp 16,116,31,21,40,35,33,36,33,35,87,66,91,62,64,62,64,59,70,73,77,66,76,64,68,72,69,37,65,63,89,66,64,64,108,8,17,20,13,0,15,0,0,0,0,0,0,0,0,0,0,0,0,0,1,0,0,0,0,-8,-8,-54,-59,-85,-87,-57,-8,-8,-8,-97,-8,-56,0,-96,0,-70,0,0,0,0,8,-56,0,0,0,0,0,0,0,0,0,0,0,0,0,0,8,8,8,8,8,8,8]} 1. d4 Nf6 2. c4 e6 3. Nc3 Bb4 4. Qc2 Nc6 5. Nf3 d6 6. Bg5 h6 7. Bd2 O-O 8. a3 Bxc3 9. Bxc3 Qe7 {E33: Nimzo-Indian: Classical: 4...Nc6.} 10. e4 {has lost popularity (10.e3).} e5 11. d5 Nb8 {White is slightly better.} 12. g3 {[#]} Ne8 $146 (12... c6 $14) ({Predecessor:} 12... a5 13. b3 c6 14. Bg2 b5 15. Nd2 bxc4 16. Nxc4 Ba6 17. O-O cxd5 18. exd5 Bxc4 19. bxc4 {0-1 (67) Kantor,G (2292)-Nagy,G (2383) Miskolc 2011}) 13. Bg2 $16 a5 14. b4 (14. O-O {seems wilder.} Nf6 15. b4 Bg4 16. Nd2 Bh5 17. bxa5 Na6 18. Rab1) 14... axb4 15. axb4 Rxa1+ 16. Bxa1 Na6 17. Bc3 g5 18. h4 g4 19. Nd2 f5 20. exf5 Bxf5 21. Be4 Qh7 22. Bxf5 Qxf5 23. Qxf5 Rxf5 24. Ke2 Nf6 25. Rf1 (25. Ra1 $16) 25... Kf7 $11 26. Ra1 Ke7 27. Rf1 Nb8 28. Ra1 b5 29. Ra7 bxc4 30. Rxc7+ Nbd7 31. Rxc4 Nxd5 32. Bb2 h5 33. Ne4 N5b6 34. Rc6 d5 35. Ng5 Nc4 36. Re6+ Kd8 37. Bc1 (37. Bc3 {keeps more tension.} Kc8 38. Be1 Kb7 39. Re7 Kc8 40. Ne6) 37... Rf6 38. Rxf6 Nxf6 {[%mdl 4096] Endgame KBN-KNN} 39. Ne6+ {[#]} Ke7 $1 {[%cal Re7e6]} 40. Nc5 Kd6 41. Bg5 Nd7 42. Nb7+ (42. f3 $1 $11 {keeps the balance.}) 42... Kc6 (42... Ke6 $17 43. Kd3 Nb2+ 44. Kc2 Na4) 43. Nd8+ $1 Kd6 (43... Kb5 $15 44. Be7 d4) 44. Kd3 (44. Nb7+ $1 $11 Kc6 45. Nd8+ Kb5 46. Be7) 44... Nb8 (44... Na3 $17) 45. Kc3 ({Better is} 45. Nb7+ $11 Kc6 46. Nd8+ Kb5 47. Ne6) 45... Nc6 ({Black should play} 45... Kd7 $15 46. Nf7 Na6) 46. Nb7+ Kc7 47. Nc5 Nd4 48. Bf6 (48. Ne4 $11) 48... Kd6 (48... Kc6 $15) 49. Bxe5+ $1 {The position is equal.} Kxe5 50. Nd3+ Ke4 51. Nc5+ Kf3 52. Kxd4 Kxf2 {[#] Strongly threatening ...Na3.} 53. Kxd5 {KN-KN} Nb6+ 54. Kc6 {Ne4+ is the strong threat.} Kxg3 55. Kxb6 Kxh4 {aiming for ...g3.} 56. Ne4 g3 57. Nxg3 $1 Kxg3 58. Kc7 h4 {Accuracy: White = 73%, Black = 74%.} 1/2-1/2

[Event "127th NZ Congress 2020"]
[Site "Tauranga"]
[Date "2020.01.16"]
[Round "2.7"]
[White "Dive, Russell John"]
[Black "Pinic, Noel"]
[Result "1-0"]
[WhiteElo "2298"]
[BlackElo "2054"]
[Annotator "RC"]
[PlyCount "129"]
[EventDate "2020.01.14"]
[EventType "swiss"]
[EventCountry "NZL"]
[SourceTitle "playchess.com"]
[Source "ChessBase"]
[SourceQuality "1"]
[TimeControl "40/5400+30:1800+30"]

1. Nf3 {[%emt 0:00:00]} Nf6 {[%emt 0:00:01]} 2. c4 {[%emt 0:00:00]} e6 {[%emt 0:00:26]} 3. g3 {[%emt 0:00:00]} d5 {[%emt 0:00:25]} 4. Bg2 {[%emt 0:00:00]} Be7 {[%emt 0:00:29]} 5. O-O {[%emt 0:00:00]} O-O {[%emt 0:00:26]} 6. d4 {[%emt 0:00:04]} Nbd7 {[%emt 0:01:11]} 7. Qc2 {[%emt 0:01:33]} c6 {[%emt 0:05:16]} 8. Nbd2 {[%emt 0:00:44]} Re8 {[%emt 0:00:31]} 9. e4 {[%emt 0:00:36]} dxe4 {[%emt 0:00:17]} 10. Nxe4 {[%emt 0:00:01]} Nxe4 {[%emt 0:00:24]} 11. Qxe4 {[%emt 0:00:02]} Nf6 {[%emt 0:00:06]} 12. Qe2 {[%emt 0:00:16]} Qb6 {[%emt 0:00:42]} 13. Rd1 {[%emt 0:12:25]} a5 {[%emt 0:01:14]} 14. Be3 {[%emt 0:11:03]} Qa6 {[%emt 0:02:09]} 15. Rac1 {[%emt 0:05:19]} Bd7 {[%emt 0:02:25]} 16. Ne5 {[%emt 0:00:48]} Rad8 {[%emt 0:00:47]} 17. Qf3 {[%emt 0:02:43]} Rf8 {[%emt 0:03:04]} 18. Bf1 {[%emt 0:03:17]} Qa8 {[%emt 0:00:24]} 19. h4 {[%emt 0:00:54]} Be8 {[%emt 0:01:09]} 20. Bg5 {[%emt 0:02:33]} h6 {[%emt 0:04:10]} 21. Bf4 {[%emt 0:00:18]} b5 {[%emt 0:00:36]} 22. b3 {[%emt 0:11:15]} bxc4 {[%emt 0:00:37]} 23. bxc4 {[%emt 0:00:03]} c5 {[%emt 0:01:23]} 24. Qxa8 {[%emt 0:00:15]} Rxa8 {[%emt 0:00:20]} 25. d5 {[%emt 0:00:10]} Ba4 {[%emt 0:01:23]} 26. dxe6 {[%emt 0:05:20]} fxe6 {[%emt 0:03:07]} 27. Re1 {[%emt 0:02:37]} Rfe8 {[%emt 0:03:31]} 28. Bh3 {[%emt 0:06:32]} Ra6 {[%emt 0:00:34]} 29. Rc3 {[%emt 0:04:29]} Nd7 {[%emt 0:05:10]} 30. Rd3 {[%emt 0:09:00]} Nf8 {[%emt 0:00:38]} 31. h5 {[%emt 0:09:53]} Bf6 {[%emt 0:02:56]} 32. Re2 {[%emt 0:04:26]} Rb6 {[%emt 0:13:44]} 33. Kh2 {[%emt 0:00:02]} Rb4 {[%emt 0:01:49]} 34. Rd6 {[%emt 0:06:25]} Rd8 {[%emt 0:04:15]} 35. Rxd8 {[%emt 0:02:53]} Bxd8 {[%emt 0:00:04]} 36. Ng6 {[%emt 0:00:27]} Rb6 {[%emt 0:16:26]} 37. Rd2 {[%emt 0:01:23]} Bf6 {[%emt 0:00:35]} 38. Bd6 {[%emt 0:00:42]} Nxg6 {[%emt 0:04:32]} 39. hxg6 {[%emt 0:00:03]} Rb2 {[%emt 0:04:31]} 40. Bxe6+ {[%emt 0:00:00]} Kh8 {[%emt 0:00:00]} 41. Rxb2 {[%emt 0:00:31]} Bxb2 {[%emt 0:00:55]} 42. Bxc5 {[%emt 0:00:17]} Bc2 {[%emt 0:01:28]} 43. Bf7 {[%emt 0:01:37]} a4 {[%emt 0:01:02]} 44. a3 {[%emt 0:01:12]} Be4 {[%emt 0:00:17]} 45. f4 {[%emt 0:01:14]} h5 {[%emt 0:00:22]} 46. Kg1 {[%emt 0:05:58]} Bc1 {[%emt 0:00:26]} 47. Kf2 {[%emt 0:00:12]} h4 {[%emt 0:00:09]} 48. gxh4 {[%emt 0:01:41]} Bxf4 {[%emt 0:00:06]} 49. Bb4 {[%emt 0:10:23]} Bc1 {[%emt 0:02:05]} 50. c5 {[%emt 0:01:29]} Bc6 {[%emt 0:02:31]} 51. h5 {[%emt 0:01:00]} Bg5 {[%emt 0:00:32]} 52. Be6 {[%emt 0:00:56]} Bf4 {[%emt 0:00:25]} 53. Ke2 {[%emt 0:00:16]} Bc1 {[%emt 0:00:31]} 54. Bc3 {[%emt 0:04:19]} Bb5+ {[%emt 0:00:29]} 55. Kf3 {[%emt 0:01:12]} Bc6+ {[%emt 0:00:15]} 56. Kg4 {[%emt 0:00:07]} Be3 {[%emt 0:00:16]} 57. Bb4 {[%emt 0:01:06]} Bc1 {[%emt 0:00:28]} 58. Kf5 {[%emt 0:01:35]} Bb2 {[%emt 0:00:14]} 59. Kf4 {[%emt 0:01:43]} Bd4 {[%emt 0:00:19]} 60. Bf5 {[%emt 0:00:37]} Bb2 {[%emt 0:00:55]} 61. Be4 {[%emt 0:00:08]} Bc1+ {[%emt 0:01:17]} 62. Kf3 {[%emt 0:00:13]} Bd7 {[%emt 0:00:44]} 63. c6 {[%emt 0:00:11]} Bc8 {[%emt 0:00:21]} 64. c7 {[%emt 0:02:08]} Bb2 {[%emt 0:00:43]} 65. Bd6 {[%emt 0:00:06]} 1-0

[Event "127th NZ Congress 2020"]
[Site "Tauranga"]
[Date "2020.01.16"]
[Round "2.8"]
[White "Gong, Daniel Hanwen"]
[Black "Fulo, Nunilon III"]
[Result "1-0"]
[WhiteElo "2255"]
[BlackElo "2017"]
[Annotator "TA"]
[PlyCount "79"]
[EventDate "2020.01.14"]
[EventType "swiss"]
[EventCountry "NZL"]
[SourceTitle "playchess.com"]
[Source "ChessBase"]
[SourceQuality "1"]

{[%evp 9,78,0,0,-2,10,2,42,45,102,72,73,69,89,44,28,16,75,45,61,43,51,50,64,-22,0,-16,0,-12,-17,-25,-10,-45,0,0,0,0,66,66,88,78,137,116,128,111,165,150,174,86,467,492,474,441,741,708,644,615,1748,1656,1585,1612,1258,1164,29995,29996,29996,29997,29997,29998,29998,29999,29999]} 1. d4 Nf6 2. Bf4 d5 3. e3 c5 4. dxc5 (4. c3 Nc6 5. Nd2 Qb6 6. Qb3 Nh5 7. Qxb6 axb6 8. Bc7 cxd4 9. exd4 e5 10. Bxe5 Nxe5 11. dxe5 Bc5 12. g3 O-O {1-0 (76) Aronian,L (2765)-Caruana,F (2832) London 2018}) 4... e6 5. b4 a5 6. c3 {D00: 1 d4 d5: Unusual lines} Bd7 7. Nd2 b6 $146 ({Predecessor:} 7... axb4 8. cxb4 b6 9. cxb6 Bxb4 10. Bc7 Qe7 11. Ngf3 Ba4 12. Qxa4+ Rxa4 {0-1 (38) Dlugy,M (2518)-Novikov,I (2556) Saint Louis 2019}) 8. cxb6 $1 {White is slightly better.} Qxb6 (8... axb4 $14 9. Bc7 Qc8) 9. a3 Be7 {[%cal Ra5b4]} 10. Ngf3 O-O {[%cal Ra5b4]} 11. Be2 Rc8 12. Rc1 Bb5 (12... Qb7 $11) 13. O-O axb4 {aiming for ...Bxe2.} 14. Bxb5 Qxb5 15. cxb4 Nbd7 16. Nb3 (16. Rxc8+ $14 Rxc8 17. Qb3) 16... Ne4 17. Ne5 Bf6 {Strongly threatening ...Rxc1.} 18. Rxc8+ Rxc8 19. Nd4 {[%cal Bb3d4,Bd4f3,Bf3e5][%mdl 32]} Qb7 20. Ndf3 Nxe5 21. Bxe5 Bxe5 22. Nxe5 f6 (22... Qa6 $11) 23. Nf3 $14 Rc3 24. Qa4 {[%cal Ra4e8]} Nd6 ({Better is} 24... Rc8) 25. Nd4 $16 Kf7 26. Ra1 Qc7 (26... Rc4 $16 {might work better.}) 27. Qd1 $18 Qc4 {[#]} 28. g3 (28. a4 $1 $18 {and White stays clearly on top.}) 28... Ne4 $2 {[%mdl 8192]} (28... e5 $16) 29. Qh5+ {[%mdl 64] Double Attack} Ke7 30. Qxh7 Rc1+ (30... e5 $142 31. Qxg7+ Kd6 32. Qf8+ Kd7 33. Qg7+ Kd6 34. Qf8+ Kd7 35. Qf7+ Kc8 36. Qe8+ Kb7 37. Qd7+ Kb8) 31. Rxc1 Qxc1+ 32. Kg2 Qd2 33. Qxg7+ Kd6 34. Qf8+ Kc7 35. Qe7+ Kb8 36. Nc6+ {White mates.} Kc8 37. Qd8+ Kb7 38. Na5+ Ka6 39. Qc8+ {[%mdl 64] [#] Double Attack} Kb6 40. Qb7# {Accuracy: White = 56%, Black = 18%.} 1-0

[Event "127th NZ Congress 2020"]
[Site "Tauranga"]
[Date "2020.01.16"]
[Round "2.10"]
[White "Milligan, Helen"]
[Black "Sandler, Leonid"]
[Result "1/2-1/2"]
[WhiteElo "1938"]
[BlackElo "2226"]
[Annotator "ChessBase"]
[PlyCount "52"]
[EventDate "2020.01.14"]
[EventType "swiss"]
[EventCountry "NZL"]
[SourceTitle "playchess.com"]
[Source "ChessBase"]
[SourceQuality "1"]
[TimeControl "40/5400+30:1800+30"]

1. e4 {[%emt 0:00:00]} c5 {[%emt 0:00:00]} 2. Nf3 {[%emt 0:00:00]} e6 {[%emt 0:00:00]} 3. d4 {[%emt 0:00:00]} cxd4 {[%emt 0:00:03]} 4. Nxd4 {[%emt 0:00:00]} Nc6 {[%emt 0:00:32]} 5. Nc3 {[%emt 0:00:57]} Qc7 {[%emt 0:00:53]} 6. Be3 {[%emt 0:00:35]} a6 {[%emt 0:00:49]} 7. Bd3 {[%emt 0:00:47]} b5 {[%emt 0:04:24]} 8. Nxc6 {[%emt 0:02:59]} dxc6 {[%emt 0:00:24]} 9. a4 {[%emt 0:02:45]} b4 {[%emt 0:03:59]} 10. Ne2 {[%emt 0:01:10]} Nf6 {[%emt 0:04:42]} 11. Ng3 {[%emt 0:04:25]} e5 {[%emt 0:05:02]} 12. f3 {[%emt 0:05:07]} h5 {[%emt 0:06:51]} 13. h4 {[%emt 0:08:09]} Be7 {[%emt 0:08:53]} 14. Qe2 {[%emt 0:05:53]} Qa5 {[%emt 0:10:56]} 15. b3 {[%emt 0:06:33]} Bc5 {[%emt 0:01:01]} 16. Qf2 {[%emt 0:00:21]} Bxe3 {[%emt 0:01:12]} 17. Qxe3 {[%emt 0:00:06]} Be6 {[%emt 0:01:49]} 18. Nf1 {[%emt 0:03:47]} Nd7 {[%emt 0:06:39]} 19. Nd2 {[%emt 0:01:26]} Qc5 {[%emt 0:02:49]} 20. Qxc5 {[%emt 0:03:58]} Nxc5 {[%emt 0:00:05]} 21. Bc4 {[%emt 0:00:39]} Ke7 {[%emt 0:02:26]} 22. O-O-O {[%emt 0:01:12]} Bd7 {[%emt 0:06:34]} 23. Nf1 {[%emt 0:01:31]} Be6 {[%emt 0:05:13]} 24. Ne3 {[%emt 0:01:48]} Rhd8 {[%emt 0:00:38]} 25. Rxd8 {[%emt 0:04:02]} Rxd8 {[%emt 0:00:06]} 26. Rd1 {[%emt 0:00:34]} Rxd1+ {[%emt 0:08:02]} 1/2-1/2

[Event "127th NZ Congress 2020"]
[Site "Tauranga"]
[Date "2020.01.16"]
[Round "3.1"]
[White "Dive, Russell John"]
[Black "Papin, Vasily"]
[Result "0-1"]
[WhiteElo "2298"]
[BlackElo "2481"]
[Annotator "TA"]
[PlyCount "102"]
[EventDate "2020.01.14"]
[EventType "swiss"]
[EventCountry "NZL"]
[SourceTitle "playchess.com"]
[Source "ChessBase"]
[SourceQuality "1"]

{[%evp 13,102,22,34,22,43,46,39,27,13,-32,0,0,0,0,0,0,9,-66,-58,-67,-60,-63,-62,-49,-39,-27,-15,-20,24,-52,-62,-82,-106,-104,-96,-137,-126,-152,-90,-94,-45,-100,-39,-167,-125,-276,-250,-284,-256,-236,-45,-45,-41,-33,-33,-41,-33,-119,-99,-110,-82,-80,-86,-223,-204,-312,-308,-308,-280,-268,-247,-313,-245,-306,-277,-427,-416,-489,-487,-666,-617,-714,-711,-1869,-1796,-29978,-29978,-29971,-29972,-5791,-5310]} 1. Nf3 c5 2. c4 Nf6 3. Nc3 e6 4. d4 cxd4 5. Nxd4 a6 6. Nc2 Qc7 7. e4 b6 8. Bd3 {B41: Sicilian: Kan Variation: 5 c4} d6 9. O-O Nbd7 10. Bg5 {White is slightly better.} Be7 11. f4 $146 ({Predecessor:} 11. Qe2 O-O 12. Ne3 Bb7 13. Ng4 Rfe8 14. Nxf6+ Nxf6 15. Be3 Rac8 {1-0 (37) Izsak,G (2430)-Muhtarov,L (2205) Harkany 1995}) 11... h6 12. Bh4 g5 13. Bg3 gxf4 14. Rxf4 Rg8 {White must now prevent ...Qc5+.} 15. Qe2 (15. Be2 $11) 15... Qc5+ $15 16. Bf2 {[#]} Qg5 $1 {[%csl Gg8][%cal Rg5g2][%mdl 512]} 17. Be3 $1 Ng4 18. Bd2 Qc5+ 19. Kh1 Qh5 $40 {[%csl Gg4][%cal Rh5h2][%mdl 128] Black has some attack.} 20. h3 {[%cal Rf4g4]} Nde5 21. Ne3 (21. Raf1 $1 $11 Nxd3 22. Qxd3) 21... Nf6 $1 22. Qf1 Qg6 23. Be2 Bb7 24. Bf3 Nfd7 25. Qe2 Bg5 (25... Nxf3 $142 26. Rxf3 Ne5) 26. Bh5 $17 Qh7 27. Rff1 ({White should try} 27. Rf2 $15) 27... Nf6 (27... O-O-O $17 {Strongly threatening ...Nf6.} 28. Ng4 Bxd2 29. Qxd2 Rg5 30. Nxe5 Nxe5) 28. Bf3 (28. Rxf6 $1 $15 Bxf6 29. Rf1) 28... Nxf3 ({But not} 28... Nxe4 29. Nxe4 Bxe4 30. Ng4 $17) 29. Qxf3 $2 (29. gxf3 $17 {is a better defense.} Nh5 30. Rg1) 29... Nxe4 $19 30. Ng4 {[#] Threatens to win with Bxg5.} O-O-O ({Worse is} 30... Bxd2 31. Nxe4 O-O-O 32. Ngf6 $14) 31. Bxg5 Rxg5 $2 ({Better is} 31... Nxg5 $19 32. Qg3 Qh8) 32. Nxe4 $1 $15 Qxe4 33. Qxe4 Bxe4 34. Rxf7 h5 35. Ne3 (35. Re1 $15) 35... Rdg8 {[%cal Rg5g2]} 36. Re1 Bxg2+ 37. Nxg2 Rxg2 $17 {[%mdl 4096] Endgame KRR-KRR} 38. Rf8+ (38. b4 $17 {was worth a try.}) 38... Kd7 39. b3 (39. Rf7+ {might work better.} Kc6 40. b4) 39... Rxf8 $19 40. Kxg2 {KR-KR} Rf4 41. Re3 b5 42. Kg3 Rd4 43. Rc3 e5 44. c5 (44. Kf3 $142) 44... d5 45. c6+ Kc7 46. Rc5 Rd3+ 47. Kh4 e4 48. Kxh5 e3 49. Rc1 e2 50. Re1 Rxh3+ 51. Kg4 Re3 {Accuracy: White = 22%, Black = 65%.} 0-1

[Event "127th NZ Congress 2020"]
[Site "Tauranga"]
[Date "2020.01.16"]
[Round "3.2"]
[White "Fernandez, Daniel Howard"]
[Black "Gong, Daniel Hanwen"]
[Result "1-0"]
[WhiteElo "2444"]
[BlackElo "2255"]
[Annotator "RC"]
[PlyCount "73"]
[EventDate "2020.01.14"]
[EventType "swiss"]
[EventCountry "NZL"]
[SourceTitle "playchess.com"]
[Source "ChessBase"]
[SourceQuality "1"]
[TimeControl "40/5400+30:1800+30"]

1. d4 {[%emt 0:00:28]} Nf6 {[%emt 0:00:00]} 2. Nf3 {[%emt 0:00:31]} g6 {[%emt 0:00:00]} 3. c4 {[%emt 0:15:43]} Bg7 {[%emt 0:00:00]} 4. g3 {[%emt 0:00:04]} d6 {[%emt 0:00:01]} 5. Bg2 {[%emt 0:00:05]} O-O {[%emt 0:00:04]} 6. O-O {[%emt 0:02:04]} Nc6 {[%emt 0:02:29]} 7. b3 {[%emt 0:01:34]} e5 {[%emt 0:01:05]} 8. dxe5 {[%emt 0:00:32]} Nxe5 {[%emt 0:00:11]} 9. Nxe5 {[%emt 0:06:42]} dxe5 {[%emt 0:00:05]} 10. Bb2 {[%emt 0:00:05]} Nd7 {[%emt 0:03:55]} 11. Nc3 {[%emt 0:07:58]} Re8 {[%emt 0:11:50]} 12. Qd2 {[%emt 0:07:48]} Nc5 {[%emt 0:04:36]} 13. Qe3 {[%emt 0:03:49]} Ne6 {[%emt 0:09:51]} 14. Rad1 {[%emt 0:00:21]} Nd4 {[%emt 0:01:07]} 15. Qc1 {[%emt 0:00:31]} Qe7 {[%emt 0:20:01]} 16. e3 {[%emt 0:02:24]} Ne6 {[%emt 0:00:36]} 17. Nd5 {[%emt 0:06:50]} Qf8 {[%emt 0:00:50]} 18. f4 {[%emt 0:00:09]} exf4 {[%emt 0:01:26]} 19. gxf4 {[%emt 0:09:58]} f5 {[%emt 0:01:21]} 20. Qa1 {[%emt 0:00:11]} Kh8 {[%emt 0:01:33]} 21. e4 {[%emt 0:08:15]} Bxb2 {[%emt 0:11:04]} 22. Qxb2+ {[%emt 0:00:49]} Qg7 {[%emt 0:00:04]} 23. e5 {[%emt 0:04:45]} a5 {[%emt 0:03:07]} 24. a3 {[%emt 0:01:23]} Rf8 {[%emt 0:04:14]} 25. h4 {[%emt 0:01:27]} Ra6 {[%emt 0:02:41]} 26. Qf2 {[%emt 0:00:20]} h6 {[%emt 0:06:37]} 27. Nf6 {[%emt 0:01:27]} Rf7 {[%emt 0:07:10]} 28. Bd5 {[%emt 0:00:46]} Qf8 {[%emt 0:00:16]} 29. c5 {[%emt 0:03:17]} Rg7 {[%emt 0:00:22]} 30. Bc4 {[%emt 0:00:18]} Ra8 {[%emt 0:01:34]} 31. Kh2 {[%emt 0:00:10]} Nd8 {[%emt 0:02:24]} 32. Rg1 {[%emt 0:04:41]} Qe7 {[%emt 0:01:12]} 33. Rd3 {[%emt 0:03:39]} Be6 {[%emt 0:00:14]} 34. Rdg3 {[%emt 0:00:10]} Bxc4 {[%emt 0:02:09]} 35. Rxg6 {[%emt 0:00:30]} Rxg6 {[%emt 0:00:22]} 36. Rxg6 {[%emt 0:00:09]} Nf7 {[%emt 0:00:17]} 37. bxc4 {[%emt 0:04:05]} 1-0